[Event "Mittelfrankenliga 05/06 (B2b)"]
[Site "Mfr.2005/06-R4"]
[Date "2006.01.15"]
[Round "4.6"]
[White "Korth, Manfred,Dr."]
[Black "Frank, Werner[62]"]
[Result "1/2-1/2"]
[WhiteElo "1868"]
[BlackElo "1839"]
[Annotator "Heideck1-Heilsbronn1"]
[PlyCount "73"]
[EventDate "2006.01.15"]
[SourceDate "2005.10.17"]

1. c4 e5 2. Nc3 d6 3. Nf3 c6 4. d3 Nf6 5. g3 Be6 6. Bg2 Qc8 7. Ng5 Bd7 8. O-O
h6 9. Nge4 Bh3 10. Nxf6+ gxf6 11. e4 h5 12. f4 h4 13. f5 hxg3 14. hxg3 Bxg2 15.
Kxg2 Na6 16. Rb1 Qd7 17. b4 Nc7 18. b5 d5 19. bxc6 bxc6 20. cxd5 cxd5 21. Rb7
Qc6 22. Qb3 dxe4 23. Nxe4 Be7 24. Be3 Nd5 25. Bd2 Nb6 26. Rxe7+ Kxe7 27. Rc1
Qd5 28. Qb4+ Kd8 29. Rc5 Qxd3 30. Rxe5 Qe2+ 31. Kg1 Qd1+ 32. Kg2 Qh1+ 33. Kf2
Rh2+ 34. Ke3 fxe5 35. Qd6+ Kc8 36. Qc6+ Kd8 37. Qd6+ 1/2-1/2

[Event "Mittelfrankenliga 05/06 (B2b)"]
[Site "Mfr.2005/06-R4"]
[Date "2006.01.15"]
[Round "4.7"]
[White "Heinz, Manfred"]
[Black "Strnad, Alfred"]
[Result "1-0"]
[WhiteElo "1692"]
[BlackElo "1891"]
[Annotator "Heideck1-Heilsbronn1"]
[PlyCount "59"]
[EventDate "2006.01.15"]
[SourceDate "2005.10.17"]

1. Nf3 Nf6 2. d4 g6 3. Bg5 Bg7 4. Nbd2 d5 5. e3 O-O 6. Bd3 Nbd7 7. O-O c5 8. c3
Re8 9. Ne5 Qb6 10. Rb1 cxd4 11. exd4 Nxe5 12. dxe5 Ng4 13. Qa4 Kf8 14. Bb5 Rd8
15. Qb4 Qe6 16. Rbe1 Bd7 17. Bxd7 Rxd7 18. f4 Rc8 19. Nf3 Rc4 20. Nd4 Qa6 21.
Qb3 e6 22. Rf3 h5 23. h3 Nh6 24. g4 hxg4 25. hxg4 Nxg4 26. Rh3 Rdc7 27. Qd1
Qxa2 28. Qxg4 Qxb2 29. Qh4 Ke8 30. Qh8+ 1-0

[Event "Mittelfrankenliga 05/06 (B2b)"]
[Site "Mfr.2005/06-R4"]
[Date "2006.01.15"]
[Round "4.8"]
[White "Ruderer, Thomas"]
[Black "Wiedemann, Jan"]
[Result "0-1"]
[WhiteElo "1732"]
[BlackElo "1657"]
[Annotator "Heideck1-Heilsbronn1"]
[PlyCount "79"]
[EventDate "2006.01.15"]
[SourceDate "2005.10.17"]

1. e4 e5 2. Nf3 Nc6 3. d4 exd4 4. Nxd4 Qf6 5. Nxc6 Bc5 6. Qe2 Qxc6 7. Nc3 Ne7
8. Be3 O-O 9. Bxc5 Qxc5 10. g3 d5 11. O-O-O Be6 12. a3 Rfe8 13. Qb5 Qxf2 14.
exd5 Bf5 15. Bd3 Qb6 16. Rhf1 Bxd3 17. Qxb6 axb6 18. Rxd3 Ng6 19. Nb5 Re2 20.
Nxc7 Rc8 21. d6 Ne5 22. Rd5 Nc4 23. d7 Rd8 24. Kd1 Re7 25. Kc1 Ne3 26. Rg1 Nxd5
27. Nxd5 Re6 28. Rd1 Kf8 29. Nc7 Re7 30. Rf1 Rdxd7 31. Nb5 Re2 32. c3 Rdd2 33.
Nd4 Rxh2 34. Nf3 Rc2+ 35. Kd1 Rhf2 36. Rxf2 Rxf2 37. Nd2 Rg2 38. b4 Rxg3 39.
Kc2 h5 40. Nc4 0-1

[Event "Mittelfrankenliga 05/06 (B2b)"]
[Site "Mfr.2005/06-R4"]
[Date "2006.01.15"]
[Round "4.1"]
[White "Stephan, Eberhard"]
[Black "Witt, Alfred"]
[Result "1/2-1/2"]
[WhiteElo "1980"]
[BlackElo "1926"]
[Annotator "Ansbach1-Gunzenhausen/Wbg.2"]
[PlyCount "60"]
[EventDate "2006.01.15"]
[SourceDate "2005.10.17"]

1. d4 Nf6 2. c4 c5 3. d5 b5 4. cxb5 a6 5. bxa6 Bxa6 6. Nc3 g6 7. e4 Bxf1 8.
Kxf1 d6 9. Nge2 Bg7 10. h3 Nbd7 11. Rb1 Qa5 12. b3 O-O 13. Kg1 Rfb8 14. Bd2 Qa6
15. Kh2 Ne5 16. Rf1 Nd3 17. a4 Rb7 18. f3 Ne8 19. Nb5 Nc7 20. Bc3 Nxb5 21. Bxg7
Na3 22. Ra1 Kxg7 23. Rxa3 Rab8 24. Qc2 Nf4 25. Rf2 Nxe2 26. Rxe2 Rxb3 27. Rxb3
Rxb3 28. Qxb3 Qxe2 29. Qb5 Qxb5 30. axb5 c4 1/2-1/2

[Event "Mittelfrankenliga 05/06 (B2b)"]
[Site "Mfr.2005/06-R4"]
[Date "2006.01.15"]
[Round "4.2"]
[White "Reizine, Viatcheslav"]
[Black "Kiersch, Helmut"]
[Result "1-0"]
[WhiteElo "1944"]
[BlackElo "1898"]
[Annotator "Ansbach1-Gunzenhausen/Wbg.2"]
[PlyCount "75"]
[EventDate "2006.01.15"]
[SourceDate "2005.10.17"]

1. e4 e5 2. Nc3 Nc6 3. Bc4 d6 4. d3 Na5 5. Bb3 Nxb3 6. axb3 Nf6 7. h3 Be7 8.
Nge2 O-O 9. Ng3 d5 10. exd5 Nxd5 11. O-O Nxc3 12. bxc3 Bh4 13. Qf3 f5 14. Ra5
Bxg3 15. Qxg3 f4 16. Qf3 Qf6 17. Qd5+ Kh8 18. Qxe5 Qxe5 19. Rxe5 f3 20. g4 Bd7
21. Be3 Rae8 22. Rc5 c6 23. Kh2 b6 24. Rc4 Re5 25. Ra4 h5 26. Rxa7 Bc8 27. g5
h4 28. Ra4 Bb7 29. Rxh4+ Kg8 30. Rd4 Ra5 31. Rd7 Bc8 32. Rc7 c5 33. b4 Ra8 34.
bxc5 bxc5 35. Kg3 Ra5 36. Bxc5 Re8 37. Be3 Rae5 38. h4 1-0

[Event "Mittelfrankenliga 05/06 (B2b)"]
[Site "Mfr.2005/06-R4"]
[Date "2006.01.15"]
[Round "4.3"]
[White "Enderlein, Hermann"]
[Black "Kiefer, Johannes"]
[Result "1/2-1/2"]
[WhiteElo "1937"]
[BlackElo "1729"]
[Annotator "Ansbach1-Gunzenhausen/Wbg.2"]
[PlyCount "44"]
[EventDate "2006.01.15"]
[SourceDate "2005.10.17"]

1. c4 c5 2. Nc3 Nc6 3. Nf3 e5 4. e4 g6 5. d3 h6 6. Be2 Bg7 7. Bd2 Nge7 8. a3
O-O 9. Rb1 d6 10. b4 b6 11. b5 Nb8 12. O-O f5 13. Ne1 f4 14. Kh1 Nd7 15. Rg1
Nf6 16. g3 g5 17. g4 Ng6 18. f3 Be6 19. Nc2 Kf7 20. Kg2 Rh8 21. Rb4 Qe7 22. Kf2
h5 1/2-1/2

[Event "Mittelfrankenliga 05/06 (B2b)"]
[Site "Mfr.2005/06-R4"]
[Date "2006.01.15"]
[Round "4.4"]
[White "Nahlik, Bernhard"]
[Black "Reichert, Romuald"]
[Result "1-0"]
[WhiteElo "1846"]
[BlackElo "1747"]
[Annotator "Ansbach1-Gunzenhausen/Wbg.2"]
[PlyCount "165"]
[EventDate "2006.01.15"]
[SourceDate "2005.10.17"]

1. e4 e5 2. Nf3 Nc6 3. Bb5 a6 4. Ba4 Nf6 5. O-O Be7 6. Re1 b5 7. Bb3 O-O 8. c3
d5 9. exd5 e4 10. Ng5 Nxd5 11. Nxe4 Bb7 12. d4 Na5 13. Bc2 Nc4 14. Nbd2 Nd6 15.
Nxd6 Bxd6 16. Ne4 f5 17. Ng5 h6 18. Nf3 Qf6 19. Ne5 Rad8 20. Bb3 c5 21. Bd2 c4
22. Bc2 Qh4 23. Qe2 Nf4 24. Bxf4 Qxf4 25. Qe3 Bxe5 26. Qxe5 Qg5 27. g3 Qg4 28.
Qe2 Bf3 29. Qf1 f4 30. h3 Qg5 31. Kh2 fxg3+ 32. fxg3 Qd2+ 33. Kg1 Qxc2 34. Re3
Be4 35. Qe2 Qxe2 36. Rxe2 Bd3 37. Re6 Rf6 38. Re7 Rdf8 39. Rae1 Rf1+ 40. Rxf1
Rxf1+ 41. Kg2 Rb1 42. d5 Rxb2+ 43. Kf3 Rxa2 44. d6 Kf8 45. Rxg7 Ke8 46. Ke3 a5
47. Kd4 Bf5 48. g4 Be6 49. Re7+ Kd8 50. Rxe6 a4 51. Kc5 Rf2 52. Rxh6 a3 53. Kc6
Rf8 54. Rh7 b4 55. Ra7 Ke8 56. cxb4 Rf3 57. Ra8+ Kf7 58. d7 Rd3 59. Rxa3 c3 60.
Ra1 c2 61. Rc1 Rc3+ 62. Kd5 Ke7 63. Kd4 Rxh3 64. Rxc2 Rg3 65. Re2+ Kxd7 66. Re4
Kc6 67. Ke5 Rf3 68. g5 Rg3 69. Kf5 Kd5 70. Rg4 Rf3+ 71. Kg6 Ke5 72. Rg1 Rb3 73.
Re1+ Kd6 74. Kf6 Rxb4 75. Kg7 Rb3 76. Re4 Kd5 77. Rh4 Ke6 78. g6 Rd3 79. Rf4
Rd7+ 80. Kh6 Ke5 81. Rf7 Rd6 82. Kh7 Rb6 83. g7 1-0

[Event "Mittelfrankenliga 05/06 (B2b)"]
[Site "Mfr.2005/06-R4"]
[Date "2006.01.15"]
[Round "4.5"]
[White "Jaeger, Peter[63]"]
[Black "Sommer, Dieter"]
[Result "1/2-1/2"]
[WhiteElo "1799"]
[BlackElo "1719"]
[Annotator "Ansbach1-Gunzenhausen/Wbg.2"]
[PlyCount "79"]
[EventDate "2006.01.15"]
[SourceDate "2005.10.17"]

1. d4 e6 2. Bf4 c5 3. e3 d5 4. c3 Nf6 5. Bd3 Bd6 6. Bg5 h6 7. Bh4 O-O 8. Nd2
cxd4 9. exd4 Nbd7 10. Ne2 Qc7 11. h3 a6 12. O-O b5 13. Rc1 Bb7 14. Bb1 Ne4 15.
f3 Nxd2 16. Qxd2 f5 17. Rce1 Rae8 18. g4 Rf7 19. g5 hxg5 20. Bxg5 Nf6 21. Nf4
Bxf4 22. Bxf4 Qd8 23. Re2 Nh5 24. Bg5 Qd6 25. Re5 Bc6 26. Qf2 b4 27. Qh4 g6 28.
Bd2 bxc3 29. bxc3 Qe7 30. Bg5 Qa3 31. Qe1 Bd7 32. Qd2 Rb8 33. Rfe1 Qb2 34. Qe3
Rc8 35. Rxe6 Bxe6 36. Qxe6 Qxc3 37. Qxg6+ Ng7 38. Kf2 Qxd4+ 39. Be3 Qb2+ 40.
Kg3 1/2-1/2

[Event "Mittelfrankenliga 05/06 (B2b)"]
[Site "Mfr.2005/06-R4"]
[Date "2006.01.15"]
[Round "4.6"]
[White "Drechsler, Alfred"]
[Black "Gajewski, Richard"]
[Result "1-0"]
[WhiteElo "1711"]
[BlackElo "1589"]
[Annotator "Ansbach1-Gunzenhausen/Wbg.2"]
[PlyCount "79"]
[EventDate "2006.01.15"]
[SourceDate "2005.10.17"]

1. d4 c5 2. c3 cxd4 3. cxd4 e6 4. Nf3 f5 5. Nc3 Nf6 6. Bg5 Bb4 7. Bxf6 Qxf6 8.
e3 a6 9. Bd3 b5 10. a4 Bb7 11. axb5 a5 12. O-O h5 13. h4 Be7 14. e4 fxe4 15.
Bxe4 Bxe4 16. Nxe4 Qf4 17. Qd3 Bxh4 18. Ne5 Be7 19. Ng6 Qf5 20. Nxh8 d5 21. Nc5
Qxd3 22. Nxd3 Bf6 23. Ra4 Nd7 24. b4 Bxd4 25. bxa5 Ke7 26. Ng6+ Kf6 27. Ngf4
Bc3 28. a6 Nb6 29. Ra3 d4 30. a7 h4 31. Ra6 Kf5 32. Nxe6 Kxe6 33. Rxb6+ Kd5 34.
Rb7 Kc4 35. b6 Kxd3 36. Rb8 Ba5 37. Rxa8 Bxb6 38. Rb1 Bc5 39. Rb7 Ke2 40. Re8+
1-0

[Event "Mittelfrankenliga 05/06 (B2b)"]
[Site "Mfr.2005/06-R4"]
[Date "2006.01.15"]
[Round "4.7"]
[White "Leng, Karl-Heinz"]
[Black "Nitsche, Erwin"]
[Result "1/2-1/2"]
[WhiteElo "1529"]
[BlackElo "1657"]
[Annotator "Ansbach1-Gunzenhausen/Wbg.2"]
[PlyCount "75"]
[EventDate "2006.01.15"]
[SourceDate "2005.10.17"]

1. e4 e5 2. Nf3 Nf6 3. Nc3 Nc6 4. Bc4 Nxe4 5. Bxf7+ Kxf7 6. Nxe4 d5 7. Nc3 e4
8. Ng1 Be6 9. d3 exd3 10. cxd3 Be7 11. Nge2 Re8 12. O-O Kg8 13. Nf4 Bf7 14. a3
Nd4 15. Be3 Nf5 16. Bd2 c6 17. Qg4 Nh6 18. Qd1 Qc7 19. Nh5 Qd6 20. Ng3 Qg6 21.
d4 Nf5 22. Nce2 Nxg3 23. Nxg3 Bd6 24. Qf3 Re7 25. Rae1 Rae8 26. Rxe7 Rxe7 27.
Nf5 Re8 28. Nxd6 Qxd6 29. Qg4 b6 30. Bf4 Qe6 31. Qxe6 Rxe6 32. Be3 h6 33. Rc1
Kf8 34. h4 Bh5 35. Kh2 Be8 36. b4 b5 37. Rc3 a6 38. g3 1/2-1/2

[Event "Mittelfrankenliga 05/06 (B2b)"]
[Site "Mfr.2005/06-R4"]
[Date "2006.01.15"]
[Round "4.8"]
[White "Ditt, Norbert"]
[Black "Lutz, Georg[35]"]
[Result "1-0"]
[WhiteElo "1647"]
[BlackElo "1471"]
[Annotator "Ansbach1-Gunzenhausen/Wbg.2"]
[PlyCount "63"]
[EventDate "2006.01.15"]
[SourceDate "2005.10.17"]

1. c4 e5 2. Nc3 Nf6 3. g3 c6 4. Bg2 Bb4 5. a3 Bxc3 6. bxc3 d6 7. Nf3 Nbd7 8. d3
Nc5 9. O-O Bg4 10. Be3 Ne6 11. Rb1 Qd7 12. Qb3 b6 13. Rfe1 c5 14. Nxe5 dxe5 15.
Bxa8 O-O 16. Bg2 Nd8 17. a4 Bh3 18. Bh1 Ng4 19. a5 Nxe3 20. fxe3 Qg4 21. axb6
axb6 22. Qc2 Qg5 23. Qc1 h5 24. e4 Qg6 25. Qe3 h4 26. Bg2 Bxg2 27. Kxg2 Ne6 28.
Kh1 h3 29. Rxb6 Qg4 30. Qf3 Qg5 31. Rf1 Qd2 32. Rxe6 1-0

[Event "Mittelfrankenliga 05/06 (B2b)"]
[Site "Mfr.2005/06-R4"]
[Date "2006.01.15"]
[Round "4.2"]
[White "Oberndoerfer, Dieter"]
[Black "Naegelein, Andreas"]
[Result "1/2-1/2"]
[WhiteElo "1870"]
[BlackElo "1820"]
[Annotator "SK Schwabach2-Postbauer2"]
[PlyCount "32"]
[EventDate "2006.01.15"]
[SourceDate "2005.10.17"]

1. Nf3 d5 2. c4 c6 3. cxd5 cxd5 4. d4 Qb6 5. Nc3 Nf6 6. g3 Bf5 7. Bg2 e6 8. O-O
Nc6 9. e3 Bd6 10. Nh4 Bg6 11. Nxg6 hxg6 12. Bd2 O-O 13. Na4 Qc7 14. Rc1 Nd7 15.
Nc5 Nxc5 16. dxc5 Be5 1/2-1/2

[Event "Mittelfrankenliga 05/06 (B2b)"]
[Site "Mfr.2005/06-R4"]
[Date "2006.01.15"]
[Round "4.3"]
[White "Firla, Erwin"]
[Black "Pechan, Willi"]
[Result "1/2-1/2"]
[WhiteElo "1944"]
[BlackElo "1797"]
[Annotator "SK Schwabach2-Postbauer2"]
[PlyCount "44"]
[EventDate "2006.01.15"]
[SourceDate "2005.10.17"]

1. e4 e6 2. d4 d5 3. exd5 exd5 4. Bd3 Nf6 5. Nf3 Bd6 6. O-O O-O 7. Bg5 Be6 8.
c3 Nbd7 9. Qc2 h6 10. Bh4 c6 11. Nbd2 Qc7 12. Rae1 Rfe8 13. Bf5 Re7 14. Bxe6
fxe6 15. Re2 e5 16. dxe5 Bxe5 17. Nxe5 Nxe5 18. Bg3 Rae8 19. Rfe1 Nh5 20. Bxe5
Rxe5 21. Nf3 Rxe2 22. Rxe2 Nf6 1/2-1/2

[Event "Mittelfrankenliga 05/06 (B2b)"]
[Site "Mfr.2005/06-R4"]
[Date "2006.01.15"]
[Round "4.4"]
[White "Hoerath, Michael"]
[Black "Pfeiffer, Georg"]
[Result "1/2-1/2"]
[WhiteElo "1781"]
[BlackElo "1911"]
[Annotator "SK Schwabach2-Postbauer2"]
[PlyCount "37"]
[EventDate "2006.01.15"]
[SourceDate "2005.10.17"]

1. d4 Nf6 2. Nf3 d5 3. e3 g6 4. c4 Bg7 5. Nc3 O-O 6. Bd3 c6 7. O-O Nbd7 8. b3
e5 9. cxd5 cxd5 10. dxe5 Ng4 11. Bd2 Ndxe5 12. Be2 Nc6 13. Rc1 Be6 14. Na4 Qd6
15. Bc3 Rad8 16. h3 Nf6 17. Nc5 Bc8 18. Nd3 Ne4 19. Bxg7 1/2-1/2

[Event "Mittelfrankenliga 05/06 (B2b)"]
[Site "Mfr.2005/06-R4"]
[Date "2006.01.15"]
[Round "4.5"]
[White "Mueller, Rudolf[31]"]
[Black "Heinrichmeier, Roland"]
[Result "1-0"]
[WhiteElo "1889"]
[BlackElo "1715"]
[Annotator "SK Schwabach2-Postbauer2"]
[PlyCount "59"]
[EventDate "2006.01.15"]
[SourceDate "2005.10.17"]

1. d4 d5 2. c4 e6 3. Nf3 Nf6 4. Bg5 Nbd7 5. e3 c6 6. Bd3 Qa5+ 7. Kf1 dxc4 8.
Bxc4 Bd6 9. Nc3 O-O 10. e4 e5 11. d5 cxd5 12. Bxd5 Bb4 13. Ne2 Qb6 14. Bxf6
Qxf6 15. a3 Bc5 16. b4 Bb6 17. Rc1 Qe7 18. Ng3 Nf6 19. h3 Rd8 20. Qb3 Nxd5 21.
exd5 Qd6 22. Rd1 Be6 23. Kg1 Bxd5 24. Qb2 Qg6 25. Qxe5 Bxf3 26. Rxd8+ Rxd8 27.
gxf3 Qd3 28. Kg2 Qxa3 29. Nf5 f6 30. Qe7 1-0

[Event "Mittelfrankenliga 05/06 (B2b)"]
[Site "Mfr.2005/06-R4"]
[Date "2006.01.15"]
[Round "4.6"]
[White "Scheuerlein, Gerhard"]
[Black "Ceglar, Michael"]
[Result "0-1"]
[WhiteElo "1683"]
[BlackElo "1814"]
[Annotator "SK Schwabach2-Postbauer2"]
[PlyCount "64"]
[EventDate "2006.01.15"]
[SourceDate "2005.10.17"]

1. Nf3 Nf6 2. c4 c6 3. g3 d5 4. b3 e6 5. Bg2 Bd6 6. O-O e5 7. Bb2 Qe7 8. d3 O-O
9. Nbd2 Re8 10. Qc2 Nbd7 11. a3 e4 12. dxe4 dxe4 13. Ng5 e3 14. Nde4 Be5 15.
Bxe5 Qxe5 16. fxe3 h6 17. Nxf6+ Nxf6 18. Nf3 Qxe3+ 19. Kh1 Bg4 20. h3 Bh5 21.
Qd3 Qxe2 22. Qxe2 Rxe2 23. Nd4 Re3 24. g4 Bg6 25. Rf3 Rae8 26. Raf1 Bd3 27.
R1f2 Rxf3 28. Bxf3 Be4 29. Rd2 c5 30. Bxe4 Nxe4 31. Re2 cxd4 32. Rc2 Ng3+ 0-1

[Event "Mittelfrankenliga 05/06 (B2b)"]
[Site "Mfr.2005/06-R4"]
[Date "2006.01.15"]
[Round "4.7"]
[White "Kordts, Florian"]
[Black "Uhlendorff, Daniel"]
[Result "1-0"]
[WhiteElo "1713"]
[BlackElo "1697"]
[Annotator "SK Schwabach2-Postbauer2"]
[PlyCount "73"]
[EventDate "2006.01.15"]
[SourceDate "2005.10.17"]

1. c4 Nf6 2. Nc3 e5 3. g3 c6 4. d4 exd4 5. Qxd4 d5 6. Bg5 Be7 7. Rd1 Be6 8.
cxd5 Bxd5 9. e4 Nxe4 10. Qxg7 Bf6 11. Bxf6 Qxf6 12. Qxf6 Nxf6 13. Nxd5 Nxd5 14.
Bg2 Nb4 15. a3 Nc2+ 16. Kd2 Nd4 17. Ne2 Ne6 18. Kc1 Nd7 19. Bh3 O-O-O 20. Nd4
Nxd4 21. Rxd4 Kc7 22. Re1 c5 23. Rd2 Kc6 24. Re7 Nf6 25. Bg2+ Nd5 26. Bxd5+
Rxd5 27. Rxd5 Kxd5 28. Rxb7 f5 29. Rxa7 Ke4 30. Ra4+ Ke5 31. Rc4 Kd5 32. Rh4 h5
33. f3 Ke5 34. g4 Kf4 35. Rxh5 Rxh5 36. gxh5 Kg5 37. a4 1-0

[Event "Mittelfrankenliga 05/06 (B2b)"]
[Site "Mfr.2005/06-R4"]
[Date "2006.01.15"]
[Round "4.8"]
[White "Kuth, Hans"]
[Black "Grimm, Pascal"]
[Result "0-1"]
[WhiteElo "1658"]
[BlackElo "1765"]
[Annotator "SK Schwabach2-Postbauer2"]
[PlyCount "60"]
[EventDate "2006.01.15"]
[SourceDate "2005.10.17"]

1. e4 c5 2. Nf3 Nc6 3. b3 Nf6 4. Bb2 Nxe4 5. Nc3 Nf6 6. Bd3 e6 7. O-O Be7 8.
Ne4 d5 9. Ng3 Qc7 10. a3 Bd7 11. Qe2 Bd6 12. Nf5 Bf8 13. Be5 Nxe5 14. Nxe5 g6
15. Nxd7 Nxd7 16. Ne3 O-O-O 17. c3 Bd6 18. g3 h5 19. Ng2 h4 20. Nxh4 g5 21. Nf3
g4 22. Ng5 Ne5 23. f4 gxf3 24. Nxf3 Nxd3 25. Rf2 Nxf2 26. Qxf2 Rdg8 27. Kg2 e5
28. d4 f6 29. b4 e4 30. Nd2 Rxh2+ 0-1

[Event "Mittelfrankenliga 05/06 (B2b)"]
[Site "Mfr.2005/06-R4"]
[Date "2006.01.15"]
[Round "4.1"]
[White "Schulze, Hubertus"]
[Black "Alsheimer, Christoph"]
[Result "1-0"]
[WhiteElo "2056"]
[BlackElo "2016"]
[Annotator "Bechhofen1-NT Nbg.4"]
[PlyCount "101"]
[EventDate "2006.01.15"]
[SourceDate "2005.10.17"]

1. d4 Nf6 2. c4 e6 3. Nc3 Bb4 4. e3 b6 5. Bd3 Bb7 6. Nge2 O-O 7. O-O d5 8. cxd5
exd5 9. Ng3 Re8 10. a3 Bf8 11. b4 Nbd7 12. Qb3 h5 13. Bd2 g6 14. f3 h4 15. Nh1
Bh6 16. Rae1 Nf8 17. Nf2 Ne6 18. Qc2 c5 19. dxc5 bxc5 20. Bb5 d4 21. Nce4 dxe3
22. Bxe3 Bxe3 23. Rxe3 Nd4 24. Qxc5 Bxe4 25. Nxe4 Nxb5 26. Nxf6+ Qxf6 27. Rxe8+
Rxe8 28. Qxb5 Qd4+ 29. Kh1 Re5 30. Qb8+ Kg7 31. h3 Re2 32. Rg1 Qe3 33. a4 Qd4
34. Rb1 Rd2 35. a5 a6 36. Qb6 Qc4 37. Qe3 Rxg2 38. Kxg2 Qc2+ 39. Qf2 Qxb1 40.
Qd4+ f6 41. Qxh4 Qb2+ 42. Kf1 Qb1+ 43. Qe1 Qf5 44. Qe7+ Kg8 45. Kf2 g5 46. Kg2
Qc2+ 47. Kg3 Qc3 48. Kg4 Qc8+ 49. Kh5 Qc6 50. Kg6 f5+ 51. Qf6 1-0

[Event "Mittelfrankenliga 05/06 (B2b)"]
[Site "Mfr.2005/06-R4"]
[Date "2006.01.15"]
[Round "4.2"]
[White "Lutz, Thomas"]
[Black "Ackermann, Robert"]
[Result "0-1"]
[WhiteElo "1975"]
[BlackElo "1922"]
[Annotator "Bechhofen1-NT Nbg.4"]
[PlyCount "87"]
[EventDate "2006.01.15"]
[SourceDate "2005.10.17"]

1. d4 Nf6 2. Nf3 e6 3. Bg5 b6 4. Nbd2 Bb7 5. e4 h6 6. Bxf6 Qxf6 7. c3 g6 8. Bd3
Bg7 9. Qe2 d6 10. O-O Nd7 11. Rfe1 O-O 12. Rad1 Rfe8 13. h3 Rad8 14. Kh1 Qe7
15. a4 a5 16. Qe3 Kh8 17. Nh2 e5 18. d5 g5 19. b4 f5 20. f3 Rf8 21. Nb3 Ra8 22.
Bb5 Nf6 23. bxa5 bxa5 24. Rc1 Nh5 25. Nf1 fxe4 26. fxe4 Nf4 27. Kh2 g4 28. Ng3
Bc8 29. Bf1 gxh3 30. gxh3 Qh4 31. Nf5 Bxf5 32. exf5 Rxf5 33. Qg3 Qf6 34. Rc2
Rh5 35. Nd2 Qf5 36. Ne4 Rg8 37. Rf2 Bf6 38. Nxf6 Rxg3 39. Nxh5 Rxh3+ 40. Bxh3
Qxh3+ 41. Kg1 Qxh5 42. Rb2 Qg4+ 43. Kf1 Qf3+ 44. Rf2 0-1

[Event "Mittelfrankenliga 05/06 (B2b)"]
[Site "Mfr.2005/06-R4"]
[Date "2006.01.15"]
[Round "4.3"]
[White "Pranschke, Gerd"]
[Black "Boese, Klaus"]
[Result "1-0"]
[WhiteElo "1963"]
[BlackElo "2020"]
[Annotator "Bechhofen1-NT Nbg.4"]
[PlyCount "69"]
[EventDate "2006.01.15"]
[SourceDate "2005.10.17"]

1. e4 c5 2. Nf3 e6 3. c4 a6 4. Nc3 d6 5. d4 cxd4 6. Nxd4 Qc7 7. Be3 Nd7 8. Rc1
b6 9. b3 Bb7 10. Bd3 Ngf6 11. O-O Nc5 12. f3 Nxd3 13. Qxd3 Be7 14. h3 O-O 15.
f4 Rad8 16. f5 Bc8 17. Bg5 h6 18. Bh4 Nh7 19. Bxe7 Qxe7 20. Nc6 Qc7 21. Nxd8
Rxd8 22. Qd4 exf5 23. exf5 Nf6 24. Rcd1 Bb7 25. Rf2 Rd7 26. Rfd2 Kf8 27. Rd3
Qc6 28. R3d2 Qc7 29. Re1 Qc6 30. Nd5 Nxd5 31. Qxd5 Qc7 32. Qd4 Qc6 33. f6 g5
34. Qe3 Qc8 35. Qxb6 1-0

[Event "Mittelfrankenliga 05/06 (B2b)"]
[Site "Mfr.2005/06-R4"]
[Date "2006.01.15"]
[Round "4.4"]
[White "Kaiser, Harald[66]"]
[Black "Lutzky, Manfred"]
[Result "1/2-1/2"]
[WhiteElo "1935"]
[BlackElo "1843"]
[Annotator "Bechhofen1-NT Nbg.4"]
[PlyCount "100"]
[EventDate "2006.01.15"]
[SourceDate "2005.10.17"]

1. e4 e5 2. f4 d6 3. Nf3 Nc6 4. Nc3 Bd7 5. Bc4 Be7 6. f5 Bh4+ 7. g3 Bf6 8. a3
Nd4 9. Nd5 Bb5 10. d3 Bxc4 11. dxc4 Nxf3+ 12. Qxf3 c6 13. Nc3 Qb6 14. Qe3 Bd8
15. Qd3 Qd4 16. Be3 Qxd3 17. cxd3 Bb6 18. Bxb6 axb6 19. Ke2 Nf6 20. Kf3 O-O-O
21. g4 h6 22. h4 Nd7 23. b4 Kc7 24. Rag1 Ra8 25. a4 Rad8 26. g5 h5 27. g6 f6
28. Rc1 Rhe8 29. Rh2 Ra8 30. Rb2 Red8 31. Rd2 Rac8 32. Ra2 Ra8 33. Rg2 Rac8 34.
Rd2 Ra8 35. Re2 Rac8 36. Rd1 Ra8 37. Rg1 Rac8 38. Rb1 Ra8 39. Rb3 Rac8 40. Ra3
Ra8 41. Rea2 Ra6 42. a5 bxa5 43. Rxa5 Rxa5 44. Rxa5 Rb8 45. Ke3 Rd8 46. b5 Nc5
47. bxc6 bxc6 48. Ne2 Rb8 49. Ra7+ Nb7 50. Ng3 Rh8 1/2-1/2

[Event "Mittelfrankenliga 05/06 (B2b)"]
[Site "Mfr.2005/06-R4"]
[Date "2006.01.15"]
[Round "4.5"]
[White "Horstmann, Astrid"]
[Black "Wind, Patrick"]
[Result "0-1"]
[WhiteElo "1710"]
[BlackElo "1872"]
[Annotator "Bechhofen1-NT Nbg.4"]
[PlyCount "118"]
[EventDate "2006.01.15"]
[SourceDate "2005.10.17"]

1. c4 Nf6 2. Nc3 c5 3. Nf3 Nc6 4. d4 cxd4 5. Nxd4 g6 6. e4 d6 7. Be2 Nxd4 8.
Qxd4 Bg7 9. Be3 O-O 10. Qd1 Bd7 11. O-O Bc6 12. f3 a5 13. Qd2 a4 14. Rac1 Nd7
15. b4 axb3 16. axb3 Nc5 17. Rb1 Ra3 18. Bd1 Qa8 19. Bc2 b6 20. Ne2 Qb7 21. b4
Ne6 22. c5 Bb5 23. Bb3 Bxe2 24. Qxe2 Nd4 25. Qd1 Rxb3 26. Rxb3 Nxb3 27. c6 Qxc6
28. Qxb3 b5 29. Rc1 Qb7 30. Qd3 Ra8 31. Bd4 Ra2 32. h3 h5 33. Qe3 Kh7 34. Qc3
Bxd4+ 35. Qxd4 Qa7 36. Qxa7 Rxa7 37. h4 Kg7 38. Rc2 Ra1+ 39. Kf2 Rb1 40. Rc7
Kf6 41. g4 Rxb4 42. g5+ Ke6 43. Rb7 Rb1 44. Kg3 b4 45. Kf4 b3 46. Rb6 b2 47. e5
Rh1 48. Rxb2 Rxh4+ 49. Kg3 Rc4 50. exd6 exd6 51. Rb8 Rc7 52. Rb6 Rd7 53. Kf4
Rc7 54. Rb8 Rc5 55. Re8+ Kd7 56. Ra8 Rf5+ 57. Ke4 Rxg5 58. Kf4 Rf5+ 59. Ke4 Ke6
0-1

[Event "Mittelfrankenliga 05/06 (B2b)"]
[Site "Mfr.2005/06-R4"]
[Date "2006.01.15"]
[Round "4.6"]
[White "Lutz, Rainer"]
[Black "Kelm, Klaus"]
[Result "0-1"]
[WhiteElo "1834"]
[BlackElo "1881"]
[Annotator "Bechhofen1-NT Nbg.4"]
[PlyCount "72"]
[EventDate "2006.01.15"]
[SourceDate "2005.10.17"]

1. d4 Nf6 2. Nf3 b6 3. g3 Bb7 4. Bg2 g6 5. O-O Bg7 6. c3 O-O 7. Bg5 h6 8. Bd2
c5 9. dxc5 bxc5 10. Na3 d6 11. Qc1 h5 12. Bh6 Nbd7 13. Bxg7 Kxg7 14. Rd1 Rb8
15. Qc2 d5 16. c4 d4 17. Qd2 e5 18. e3 Ne4 19. Qd3 Nxf2 20. Kxf2 e4 21. Qd2
exf3 22. Bf1 Nf6 23. Kg1 Ng4 24. Bh3 f2+ 25. Kf1 Nxh2+ 26. Kxf2 Qf6+ 27. Ke2
Qf3+ 28. Ke1 Qxg3+ 29. Qf2 Nf3+ 30. Ke2 Qxh3 31. Rh1 Qg4 32. Rhd1 Rfe8 33. Nc2
Be4 34. Kf1 Rxb2 35. Rac1 d3 36. a4 Rxc2 0-1

[Event "Mittelfrankenliga 05/06 (B2b)"]
[Site "Mfr.2005/06-R4"]
[Date "2006.01.15"]
[Round "4.7"]
[White "Suess, Helmut"]
[Black "Kurz, Christian"]
[Result "1/2-1/2"]
[WhiteElo "1855"]
[BlackElo "1790"]
[Annotator "Bechhofen1-NT Nbg.4"]
[PlyCount "84"]
[EventDate "2006.01.15"]
[SourceDate "2005.10.17"]

1. d4 Nf6 2. Nf3 g6 3. c4 Bg7 4. Nc3 O-O 5. h3 d6 6. Bg5 h6 7. Bh4 Nbd7 8. e3
c5 9. d5 Qa5 10. Nd2 a6 11. Be2 Rb8 12. O-O Re8 13. Qc2 Nf8 14. Rad1 Bd7 15.
Nb3 Qc7 16. a4 b6 17. Nd2 Qc8 18. b3 g5 19. Bg3 g4 20. hxg4 Nxg4 21. Nf3 Ng6
22. Bd3 f5 23. Ne2 N4e5 24. Nxe5 dxe5 25. Nc3 Rf8 26. Be2 Bf6 27. Bh5 Kh7 28.
Bxg6+ Kxg6 29. d6 e6 30. f3 Kh7 31. Kf2 Rg8 32. Rh1 Rg6 33. Ne2 Kg7 34. Rh2 Qc6
35. Nc3 Rg8 36. Ne2 Kf7 37. Rdh1 Bg7 38. Qd2 Bf8 39. Rd1 Bg7 40. Rdh1 Qc8 41.
Rd1 Bf6 42. Rdh1 Kg7 1/2-1/2

[Event "Mittelfrankenliga 05/06 (B2b)"]
[Site "Mfr.2005/06-R4"]
[Date "2006.01.15"]
[Round "4.8"]
[White "Lechner, Hans-Dieter"]
[Black "Zippel, Harald"]
[Result "1-0"]
[WhiteElo "1765"]
[BlackElo "1790"]
[Annotator "Bechhofen1-NT Nbg.4"]
[PlyCount "53"]
[EventDate "2006.01.15"]
[SourceDate "2005.10.17"]

1. e4 e5 2. d4 exd4 3. Qxd4 Nc6 4. Qe3 d6 5. Nc3 Nf6 6. Bd2 Qe7 7. O-O-O Be6 8.
f4 g6 9. h3 h5 10. Nf3 O-O-O 11. Bb5 Bd7 12. Rhe1 Kb8 13. Bxc6 Bxc6 14. Nd4 Qd7
15. Qd3 b6 16. e5 dxe5 17. Nxc6+ Qxc6 18. Qxd8+ Kb7 19. fxe5 Nd7 20. e6 fxe6
21. Bf4 Nc5 22. Qf6 Rg8 23. Qf7 Bg7 24. Qxg8 Bxc3 25. bxc3 Qa4 26. Rd4 Qxa2 27.
Qd8 1-0